| 000 | 00562nam a2200133Ia 4500 | ||
|---|---|---|---|
| 008 | 220615s9999||||xx |||||||||||||| ||und|| | ||
| 020 | _a978-3-7489-2353-4 | ||
| 245 | 0 |
_aTransitional Justice in Colombia _bThe Special Jurisdiction for Peace |
|
| 546 | _aEnglish[eng] | ||
| 650 | _aAufarbeitung, Frieden, Kolumbien, Lateinamerika, Latin America, Sondergerichtsbarkeit, Truth Commission, courts of justice of peace, Übergangsjustiz, Strafrecht | ||
| 700 | _aAmbos, Kai||Peters, Stefan | ||
| 856 | _udoi.org/10.5771/9783748923534 | ||
| 942 | _cEB | ||
| 999 |
_c19067 _d19067 |
||